000 01294nji a22002897a 4500
005 20100903161258.0
006 a|||||r|||||00| 0
007 sd ammalaaahaa
008 100830t xxu||||| |||| 00| 0 eng d
028 _aN 53657
_bHis Master's Voice
035 _aGR-00897
040 _aSED
_cSED
100 _917455
_aMangeskar, Lata
245 _aMaya /
_cby Lata Mangeskar[and] Mohd Rafi ; music by Salil Chowdhury ; lyric by Majrooh
_h[sound recording] :
246 _aतस्वीर तेरी दिल में / लता मंगेशकर द्वारा
260 _aDum Dum, India
_bHis Master's Voice
_cn.d.
300 _a1 sound disc [Gramophone Recording]:
_banalog, 33 1/3 rpm
_c9.5 in. (MP)
_fGramophone Record
500 _aBrief Record
505 _aSide - 1 तस्वीर तेरी दिल में ( tasvir teri dil mein ) Side 2 कोई सोने का दिल वाला ( Koi sone key dil wala) ( Lata Mangeskar)
650 _aClassical music
_zIndia
_91186
_xExcerpts
700 _917416
_aMajrooh
700 _917456
_aMohd Rafi
700 _918506
_aChowdhury, Salil
700 _918560
942 _2ddc
_cGR
999 _c43994
_d43994